10 palabras clave en ética
Збережено в:
| Автор: | |
|---|---|
| Формат: | Книга |
| Мова: | Іспанська |
| Опубліковано: |
Pamplona
Verbo Divino
1994
|
| Редагування: | 3a. ed |
| Серія: | Colección 10 Palabras Clave en-sobre, 7
|
| Предмети: | |
| Теги: |
Додати тег
Немає тегів, Будьте першим, хто поставить тег для цього запису!
|
MARC
| LEADER | 00000cam a2200000 a 4500 | ||
|---|---|---|---|
| 001 | UCL5002 | ||
| 003 | CL-VaPUC | ||
| 008 | 040227e19940000SP |||||||||||||||||spa|d | ||
| 020 | |a 8471519607 | ||
| 082 | 0 | 4 | |a 170 |b COR |2 21 |
| 100 | 0 | |a Cortina Orts, Adela |e author |9 482747 | |
| 245 | 1 | 0 | |a 10 palabras clave en ética |
| 250 | |a 3a. ed | ||
| 300 | |a 465 p | ||
| 942 | |c BK | ||
| 945 | |d 20040227 00:00:00 |a cmena | ||
| 260 | |a Pamplona |b Verbo Divino |c 1994 | ||
| 650 | 0 | |a Ética |9 255099 | |
| 650 | 0 | |a Filosofía moral |9 310115 | |
| 650 | 0 | |a Naturaleza humana |9 308593 | |
| 583 | |a last modification |c 20140310 05:06:17 |k Rodrigo Vera | ||
| 490 | 0 | |a Colección 10 Palabras Clave en-sobre, 7 | |
| 999 | |c 307746 |d 307744 | ||
| 952 | |0 0 |1 0 |4 0 |6 170_000000000000000_COR_1994 |7 0 |8 F |9 373845 |a BIBTEO |b BIBTEO |d 2019-11-21 |i 3957756 |o 170 COR 1994 |p 3957756 |r 2025-01-17 |w 2019-11-21 |y BK_F |k ICR | ||
| 952 | |0 0 |1 0 |4 0 |6 170_000000000000000_COR_1994 |7 0 |8 F |9 373846 |a BIBTEO |b BIBTEO |d 2019-11-21 |i 4050096 |o 170 COR 1994 |p 4050096 |r 2025-01-17 |w 2019-11-21 |y BK_F |k ICR | ||
| 952 | |0 0 |1 0 |4 0 |6 170_000000000000000_COR_1994 |7 0 |8 F |9 373847 |a BIBTEO |b BIBTEO |d 2019-11-21 |i 4266528 |o 170 COR 1994 |p 4266528 |r 2025-01-17 |w 2019-11-21 |y BK_F |k ICR | ||
| 952 | |0 0 |1 0 |3 erb |4 0 |6 170_000000000000000_COR_1994 |7 0 |8 A |9 373848 |a BIBGIM |b BIBGIM |i 5061121 |o 170 COR 1994 |p 5061121 |r 2025-01-15 |w 2019-11-21 |y BK |z Catalogado en:20140317 |k SSL | ||
| 952 | |0 0 |1 0 |3 erb |4 0 |6 170_000000000000000_COR_1994 |7 0 |8 A |9 373849 |a BIBGIM |b BIBGIM |i 506113K |o 170 COR 1994 |p 506113K |r 2025-01-15 |w 2019-11-21 |y BK |z Catalogado en:20140317 |k SSL | ||
| 952 | |0 0 |1 0 |3 erb |4 0 |6 170_000000000000000_COR_1994 |7 0 |8 A |9 373850 |a BIBGIM |b BIBGIM |i 5061148 |l 1 |o 170 COR 1994 |p 5061148 |r 2025-01-15 |s 2024-03-25 |w 2019-11-21 |y BK |z Catalogado en:20140317 |k SSL | ||